[Event "XLIII C.to Italiano a squadre A1.1"]
[Site "Imperia ITA"]
[Date "2011.03.25"]
[Round "1"]
[White "Cereda, Mauro K."]
[Black "Mariano, Elia"]
[Result "1-0"]
[WhiteElo "1784"]
[BlackElo "2205"]
[PlyCount "75"]
[EventDate "2011.03.25"]

1. d4 d5 2. c4 e6 3. cxd5 exd5 4. Nc3 c6 5. Bf4 Nf6 6. e3 Bf5 7. Bd3 Bxd3 8.
Qxd3 Be7 9. Nge2 Nbd7 10. f3 Nh5 11. Bg3 Nxg3 12. hxg3 g6 13. g4 Nf6 14. Nf4
Qd6 15. Rc1 Kf8 16. Kf2 Re8 17. Rh3 Nd7 18. Rch1 Kg7 19. Nce2 Bg5 20. g3 Nf6
21. Ng2 Qd7 22. Kf1 Ng8 23. f4 Bd8 24. g5 Ne7 25. Ng1 Qf5 26. Qxf5 Nxf5 27. g4
Nd6 28. Nf3 Ne4 29. Ne5 Bc7 30. Nxf7 Ng3+ 31. Rxg3 Kxf7 32. Rgh3 Kg7 33. f5
gxf5 34. gxf5 Ref8 35. Nh4 h6 36. f6+ Kf7 37. Nf3 Kg6 38. Rxh6+ 1-0

[Event "XLIII C.to Italiano a squadre A1.1"]
[Site "Imperia ITA"]
[Date "2011.03.26"]
[Round "2"]
[White "Bonanno, Alessandro"]
[Black "Pozzi, Enrico"]
[Result "1/2-1/2"]
[WhiteElo "2139"]
[BlackElo "2206"]
[PlyCount "81"]
[EventDate "2011.03.25"]

1. e4 b6 2. d4 Bb7 3. Bd3 e6 4. Nf3 Nf6 5. e5 Nd5 6. a3 d6 7. c4 Ne7 8. O-O Nd7
9. Re1 dxe5 10. Nxe5 Nxe5 11. dxe5 Ng6 12. Nc3 Be7 13. Qe2 Bg5 14. Be4 Bxe4 15.
Qxe4 O-O 16. Rd1 Qe7 17. f4 Bh6 18. Be3 Qh4 19. g3 Qg4 20. Qg2 Ne7 21. h3 Qg6
22. g4 f6 23. Rd7 Rae8 24. exf6 gxf6 25. Rad1 e5 26. Rxc7 exf4 27. Bf2 f5 28.
Rdd7 f3 29. Qxf3 Rf7 30. Rxa7 Bg5 31. Nd5 fxg4 32. Qxg4 h5 33. Qg2 Qb1+ 34. Kh2
Rg7 35. Nxe7+ Bxe7 36. Qd5+ Kf8 37. Qxh5 Qe4 38. Qh8+ Kf7 39. Qh5+ Kf8 40. Qh8+
Kf7 41. Qh5+ 1/2-1/2

[Event "XLIII C.to Italiano a squadre A1.1"]
[Site "Imperia ITA"]
[Date "2011.03.26"]
[Round "2"]
[White "Sgnaolin, Davide"]
[Black "Radice, Luca"]
[Result "0-1"]
[WhiteElo "2284"]
[BlackElo "1997"]
[PlyCount "136"]
[EventDate "2011.03.25"]

1. e4 e6 2. d4 d5 3. Nd2 dxe4 4. Nxe4 Bd7 5. Nf3 Bc6 6. Bd3 Nd7 7. O-O Ngf6 8.
Qe2 Bxe4 9. Bxe4 Nxe4 10. Qxe4 c6 11. c4 Be7 12. b3 O-O 13. Bb2 Nf6 14. Qe2 Qc7
15. Ne5 c5 16. Rad1 Rfd8 17. dxc5 Bxc5 18. h3 Qe7 19. Qf3 Qc7 20. g4 Bd6 21.
Rde1 Rf8 22. g5 Nd7 23. Ng4 Bf4 24. h4 e5 25. Rd1 Rad8 26. Rfe1 Rfe8 27. Ne3 e4
28. Qg4 Bxe3 29. Rxe3 Nc5 30. Rxd8 Rxd8 31. Ba3 Ne6 32. Rxe4 Qa5 33. Be7 Re8
34. Bd6 Qxa2 35. Re3 Rd8 36. c5 Qd2 37. Qe2 Qb4 38. Qe1 Qxh4 39. Rg3 Qd4 40.
Qe2 Nxc5 41. Bc7 Qd1+ 42. Qxd1 Rxd1+ 43. Kg2 Ne6 44. Be5 Kf8 45. Rc3 Rd5 46. f4
Ke7 47. Bb8 a6 48. Kf3 Rd8 49. Ba7 f6 50. Re3 Kf7 51. gxf6 Kxf6 52. Bb6 Rd5 53.
Rc3 Rf5 54. Kg3 Rxf4 55. Bd8+ Kf5 56. Bb6 g5 57. Be3 Rg4+ 58. Kf3 h5 59. Rd3
Re4 60. Rd7 g4+ 61. Kf2 Rb4 62. Rf7+ Kg6 63. Re7 Kf6 64. Rh7 Rxb3 65. Rxh5 b5
66. Rh4 Kf5 67. Rh5+ Ke4 68. Ba7 g3+ 0-1

[Event "XLIII C.to Italiano a squadre A1.1"]
[Site "Imperia ITA"]
[Date "2011.03.26"]
[Round "3"]
[White "Cereda, Mauro K."]
[Black "Atti, Edoardo"]
[Result "1-0"]
[WhiteElo "1784"]
[BlackElo "1649"]
[PlyCount "73"]
[EventDate "2011.03.25"]

1. d4 d5 2. c4 dxc4 3. Nc3 e6 4. e4 Bb4 5. Bxc4 Nf6 6. Qd3 Nc6 7. Nge2 a6 8.
Bg5 b5 9. Bb3 Be7 10. Rd1 O-O 11. a3 Bb7 12. Bc2 g6 13. h4 Na5 14. Bh6 Re8 15.
h5 Nc4 16. Bc1 Ng4 17. Qh3 Nxf2 18. Kxf2 g5 19. Qd3 e5 20. h6 g4 21. Qg3 Bc8
22. dxe5 Bc5+ 23. Ke1 Qe7 24. Nd5 Qxe5 25. Qxe5 Rxe5 26. Nxc7 Ra7 27. Rd8+ Bf8
28. Nd5 f5 29. Bf4 Be6 30. Bxe5 Nxe5 31. Nef4 Bxd5 32. exd5 Re7 33. Ne6 Rf7 34.
Rh5 Nd7 35. Rg5+ Kh8 36. Bxf5 Nf6 37. Rg7 1-0

[Event "XLIII C.to Italiano a squadre A1.1"]
[Site "Imperia ITA"]
[Date "2011.03.26"]
[Round "3"]
[White "Zanetti, Alberto"]
[Black "Bonanno, Alessandro"]
[Result "0-1"]
[WhiteElo "2193"]
[BlackElo "2139"]
[PlyCount "146"]
[EventDate "2011.03.25"]

1. e4 c5 2. Nf3 Nc6 3. b4 cxb4 4. d4 d5 5. exd5 Qxd5 6. c4 bxc3 7. Nxc3 Qa5 8.
Bd2 e6 9. Bc4 Bb4 10. Rc1 Nge7 11. O-O O-O 12. a3 Bxc3 13. Rxc3 Qh5 14. Qb1 Rd8
15. Be3 Nd5 16. Rcc1 Nce7 17. Bg5 f6 18. Bd2 b6 19. Rfe1 Kh8 20. a4 g5 21. h3
g4 22. hxg4 Qxg4 23. Re4 Qg6 24. Bd3 Rg8 25. g3 Nf5 26. Nh4 Nxh4 27. Rxh4 f5
28. Bb5 Qf6 29. Kh2 Bb7 30. Bc6 Bxc6 31. Rxc6 Rg4 32. Rxg4 fxg4 33. Qe1 Re8 34.
Qe5 Kg7 35. Kg2 Qxe5 36. dxe5 Kg6 37. f4 gxf3+ 38. Kxf3 Kf5 39. Bc3 h5 40. Bb2
a5 41. Rc4 Rg8 42. Rh4 Kg5 43. Bc1+ Kg6 44. g4 Rf8+ 45. Ke4 hxg4 46. Rxg4+ Kf7
47. Rh4 Rc8 48. Bg5 Rc3 49. Rh7+ Kg6 50. Rh6+ Kxg5 51. Rxe6 Nf4 52. Rxb6 Rc4+
53. Kf3 Rxa4 54. e6 Kf6 55. Ra6 Nxe6 56. Ke3 Ke5 57. Kd2 Nc5 58. Ra8 Kd4 59.
Kc2 Kc4 60. Rc8 Ra2+ 61. Kb1 Rh2 62. Ra8 a4 63. Rc8 Kb4 64. Rb8+ Ka3 65. Ra8
Nd3 66. Rg8 Rb2+ 67. Ka1 Re2 68. Kb1 Kb3 69. Rb8+ Nb4 70. Kc1 a3 71. Ra8 Na2+
72. Kd1 Nc3+ 73. Kc1 Rc2# 0-1

[Event "XLIII C.to Italiano a squadre A1.1"]
[Site "Imperia ITA"]
[Date "2011.03.27"]
[Round "4"]
[White "Cecchelli, Enrico"]
[Black "Cereda, Mauro K."]
[Result "0-1"]
[WhiteElo "2035"]
[BlackElo "1784"]
[PlyCount "110"]
[EventDate "2011.03.25"]

1. e4 d6 2. d4 Nf6 3. Nc3 e5 4. Nf3 Nbd7 5. Bc4 Be7 6. O-O O-O 7. h3 c6 8. a4
b6 9. Re1 a6 10. d5 Bb7 11. dxc6 Bxc6 12. Nd5 Nxd5 13. Bxd5 Qc7 14. c3 h6 15.
Be3 Nf6 16. Bxc6 Qxc6 17. Nd2 Rab8 18. Qc2 Rfc8 19. f3 b5 20. axb5 Qxb5 21. c4
Qxb2 22. Qxb2 Rxb2 23. Rxa6 Nh5 24. Kh2 Bh4 25. Rd1 Bg3+ 26. Kg1 Rd8 27. Nf1
Nf4 28. Bxf4 Bf2+ 29. Kh2 exf4 30. e5 Rc2 31. exd6 Rxc4 32. Ra2 Rd4 33. Rxd4
Bxd4 34. Ra6 Bc5 35. Nd2 Bxd6 36. Ne4 Be7 37. Ra2 Bh4 38. g3 fxg3+ 39. Nxg3 g6
40. Kg2 Rd7 41. Ne4 Kg7 42. Rd2 Rc7 43. Ra2 Be7 44. Rd2 f5 45. Nf2 Bg5 46. Re2
h5 47. Rd2 h4 48. Ra2 Be3 49. Re2 Ba7 50. Ra2 Kh6 51. Kf1 Kg5 52. Ra4 Be3 53.
Ke2 Bf4 54. Nd3 Re7+ 55. Kf1 Re3 0-1

[Event "XLIII C.to Italiano a squadre A1.1"]
[Site "Imperia ITA"]
[Date "2011.03.27"]
[Round "4"]
[White "Stoppa, Omar"]
[Black "Radice, Luca"]
[Result "1/2-1/2"]
[WhiteElo "2286"]
[BlackElo "1997"]
[PlyCount "69"]
[EventDate "2011.03.25"]

1. e4 e6 2. d4 d5 3. e5 c5 4. c3 Nc6 5. Nf3 Bd7 6. Bd3 cxd4 7. O-O Qb6 8. cxd4
Nxd4 9. Nxd4 Qxd4 10. Nc3 Qxe5 11. Re1 Qb8 12. Nxd5 Bd6 13. g3 Kf8 14. Ne3 Nf6
15. Nc4 Bc7 16. Bd2 h5 17. Bb4+ Kg8 18. Bd6 Bxd6 19. Nxd6 Bc6 20. h4 Qf8 21.
Ne4 Qe7 22. Ng5 Rd8 23. Qb3 Nd5 24. Rad1 Qf6 25. Be4 g6 26. Rd3 Rd7 27. Bg2 Qd8
28. Bh3 Nf4 29. Rxd7 Nxh3+ 30. Nxh3 Qxd7 31. Rd1 Qe7 32. Qe3 Qf6 33. b4 a6 34.
Ng5 Kg7 35. Ne4 1/2-1/2

[Event "XLIII C.to Italiano a squadre A1.1"]
[Site "Imperia ITA"]
[Date "2011.03.27"]
[Round "5"]
[White "Cereda, Mauro K."]
[Black "Astengo, Marcello"]
[Result "1-0"]
[WhiteElo "1784"]
[BlackElo "2118"]
[PlyCount "63"]
[EventDate "2011.03.25"]

1. d4 d5 2. c4 c6 3. cxd5 cxd5 4. Nf3 Nf6 5. Nc3 Nc6 6. Bf4 e6 7. e3 Bd6 8. Bg5
O-O 9. Rc1 Be7 10. Bd3 Nd7 11. Bxe7 Qxe7 12. Bb1 Rd8 13. h4 Nf8 14. Qb3 Na5 15.
Qc2 f6 16. a3 Bd7 17. Ba2 Rac8 18. O-O Nc4 19. e4 dxe4 20. Qxe4 Be8 21. Qe2 Nd6
22. d5 e5 23. Nd4 Bf7 24. Ncb5 Ng6 25. Nxd6 Qxd6 26. Nf5 Qd7 27. Qg4 h5 28.
Nh6+ gxh6 29. Qxd7 Rxd7 30. Rxc8+ Kg7 31. Rfc1 Bxd5 32. R8c7 1-0

[Event "XLIII C.to Italiano a squadre A1.1"]
[Site "Imperia ITA"]
[Date "2011.03.27"]
[Round "5"]
[White "Mollero, Michele"]
[Black "Bonanno, Alessandro"]
[Result "1-0"]
[WhiteElo "2168"]
[BlackElo "2139"]
[PlyCount "81"]
[EventDate "2011.03.25"]

1. d4 Nf6 2. Nf3 b5 3. a4 b4 4. Bf4 Bb7 5. e3 e6 6. Bd3 c5 7. c3 Nc6 8. O-O Be7
9. Nbd2 bxc3 10. bxc3 Nd5 11. Bg3 cxd4 12. cxd4 O-O 13. Bxh7+ Kh8 14. Ne5 d6
15. Be4 Kg8 16. Nxc6 Bxc6 17. Bh7+ Kh8 18. Bd3 g6 19. e4 Nb4 20. Bb1 a5 21. Qg4
Kg7 22. e5 Rh8 23. Ne4 Bxe4 24. Bxe4 Rc8 25. Rac1 d5 26. Bxg6 fxg6 27. Qxe6 Bg5
28. f4 Rxc1 29. Rxc1 Re8 30. Qg4 Bh6 31. Bh4 Qb6 32. Bf6+ Kf7 33. f5 Be3+ 34.
Kh1 gxf5 35. Rc7+ Ke6 36. Qg7 Qxc7 37. Qxc7 f4 38. Qd6+ Kf5 39. Qd7+ Re6 40.
Qh7+ Kg4 41. Qg6# 1-0